Podhradie

Zobrazenie: V bielom orámovaní letecký pohľad na Topoľčiansky hrad, umiestnený na čiastočne zalesnenom kopci, za ktorým sú ďalšie zalesnené kopce

Bibliographic Details
Other Authors: Vargic, M. (fotograf) (Photographer), Kocák, L. (fotograf) (Photographer)
Format: Postcard
Language:Slovak
PhysicalDescription:1 pohľadnica farebná 11 x 15 cm
Published: Podhradie Obec 2005
Subjects:

MARC

LEADER 00000ckm a2200000 a 4500
001 vtls008410018
003 SK-MaSNL
005 20260512123408.0
007 kp co
008 230706s2005 xo g kuslo
015 |a SNBG2006/02-00494 
035 |a D951C0D3-8AD1-4261-ACF7-532BD37A5B08 
035 |a urn:nbn:sk:snk-km004bu6 
035 |a urn:nbn:sk:snk-kmtgp6 
040 |a SNK  |b slo  |c SNK  |e AACR2 
041 0 |a slo 
043 |a e-xo--- 
044 |a xo  |c SK 
072 7 |a 913  |x Regionálna geografia  |2 konspekt 
080 |a 913(437.6)  |2 2011 
080 |a 908(437.6)  |2 2011 
080 |a 904(084.121)  |2 2011 
080 |a 728.81  |2 2001 
080 |a (437.6)  |2 2001 
080 |a (089.7)904  |2 2001 
080 |a 728.81  |2 2011 
100 1 |a Vargic, M.  |c (fotograf)  |4 pht  |9 421401 
245 1 0 |a Podhradie  |h grafika  |c foto: M. Vargic, L. Kocák 
260 |a Podhradie  |b Obec  |c 2005  |e Topolčany  |f Prima print, s.r.o. 
300 |a 1 pohľadnica  |b farebná  |c 11 x 15 cm 
500 |a Názvové údaje prevzaté z obrazovej časti pohľadnice 
500 |a Na adresnej časti uvedené: "Kamenný hrad nad obcou Podhradie založil rod Čákovcov koncom XIII. storočia. Starší názov Podhradský hrad dnes vystriedal názov Topolčiansky hrad." 
500 |a Na adresnej časti uvedené: "Vydala: obec Podhradie, 2005 - č. p. 7" 
520 8 |a Zobrazenie: V bielom orámovaní letecký pohľad na Topoľčiansky hrad, umiestnený na čiastočne zalesnenom kopci, za ktorým sú ďalšie zalesnené kopce 
610 2 7 |a Topoľčiansky hrad (Podhradie, Slovensko)  |2 SNKKA  |9 165142 
650 0 7 |a hrady  |2 SNKPH  |9 3039 
651 7 |a Podhradie (Topoľčany, Slovensko)  |2 SNKPHgeo  |9 113818 
655 7 |a pohľadnice kultúrnych pamiatok  |2 SNKPH  |9 70523 
655 7 |a geografické pohľadnice  |2 SNKPH  |9 70522 
655 7 |a miestne pohľadnice  |2 SNKPH  |9 70510 
700 1 |a Kocák, L.  |c (fotograf)  |4 pht  |9 489177 
852 |a Slovenská národná knižnica 
958 |a GBN 
958 |a GC 
958 |a OND 
999 |c 758134  |d 760064 
952 |a SNK  |b SNK  |y PREZ  |7 0  |p 17A0489752  |o snkSP 151857  |i snkPV 2005/19568  |0 0  |1 0  |4 0  |d 2005-11-16  |f 1  |l 0  |r 2026-02-23 23:55:11  |w 2026-02-23